| 000 | 01015pam a2200313 a 4500 | ||
|---|---|---|---|
| 001 | 617353 | ||
| 003 | OSt | ||
| 005 | 20140310184327.0 | ||
| 008 | 921117s1993 nyua j 000 0 eng | ||
| 010 | _a 92043198 | ||
| 020 | _a0439574455 | ||
| 040 |
_aDLC _cDLC _dDLC |
||
| 042 | _alcac | ||
| 050 | 0 | 0 |
_aQL 737.C5 _b.M67 2003 |
| 100 | 1 |
_aMilton, Joyce. _923570 |
|
| 245 | 1 | 0 |
_aBats : _bcreatures of the night / _cJoyce Milton ; illustrated by Judith Moffatt. |
| 260 |
_aNew York : _bscholastic, _c2003. |
||
| 300 |
_a48 p. : _bcol. ill. ; _c24 cm. |
||
| 440 | 0 |
_aAll aboard reading _923256 |
|
| 521 | _aG3 | ||
| 526 | _c510 | ||
| 650 | 0 |
_aBats _xJuvenile literature. _923729 |
|
| 650 | 1 |
_aBats. _923572 |
|
| 700 | 1 |
_aMoffatt, Judith, _eill. _923730 |
|
| 906 |
_a7 _bcbc _corignew _d1 _eocip _f19 _gy-gencatlg |
||
| 942 |
_2lcc _cBK-SCHOLAS |
||
| 999 |
_c33632 _d33632 |
||